Регионална библиотека "Любен Каравелов" - Русе

Лечение с минерални води (Запис номер 184312)

MARC детайли
000 -Лидер
Контролно поле с фиксирана дължина 01472nam a2200313 c 4500
003 - Код на организацията, давaща контролен номер
Контролно поле BLK
005 - Дата и час на последна редакция
Контролно поле 20180421000247.0
008 - Елементи от данни с фиксирана дължина
fixed length control field 180411b bul|||||r ||||||| ||bul||
010 ## - Наследен системен номер
LC control number KNG00193265000
040 ## - Източник на каталожния запис
Идентификатор на билиотеката - собственик на записа BLK
041 ## - Код за език
Код за езика на текст/звукозапис или на отделно заглавие Български
Код за езика КДБФ Български
080 ## - УДК
Текстов определител УДК Хидротерапия (водотерапия). Балнеолечение. Курортотерапия - Лечение с бани, горещи бани, сауна, хладни бани, речно къпане, влажни фрикции, компреси, с "жива вода"(алкално активирана, с ph 9, 6;курорт
УДК код - определител по УДК 615.838
УДК определител
УДК - код + определител 615.838
100 1# - Редна дума - Автор
Автор Едрева, Веселина Владова
Авторска отговорност първи автор
R(LIN) 292434
139 ## - Редно поле
Редна дума Едрева, Веселина Владова и др.
Авторски знак Едр - Е 34
245 10 - Сведения за заглавието
Заглавие Лечение с минерални води
Редно поле (дума) Веселина Владова Едрева; съавт. Диана Кръстева.
257 ## - Страна на издаване
Страна на създаване/издаване България
260 ## - Област на издателските данни
-- София
Име на издателя, разпространителя и проч. Медицина и физкултура
Година на издаване 1973
300 ## - Физическа характеристика
Страници 33 с.
Размери/Мащаб 17 см
380 ## - Жанр
Жанр Медицина
490 1# - СЕРИИ (Колекции)
Име на серия Библиотека Беседи за здравето
№: серия 4
500 ## - Общи забележки
Забележка 8 455 тир.
650 #4 - Допълнително описание по предмет – тема
Основно описание – тема или топоним Балнеотерапия
9 (RLIN) 148062
700 1# - Други автори (авторска отговорност)
Лично име Кръстева, Диана
Автороска отговорност (Описва отношението между автора и произведението) съавт.
9 (RLIN) 343474
852 ## - Местоположение
Форматна сигнатура Цб І 13243
856 4# - Електронен адрес и достъп
Електронен формат pdf - файл
Път до файла /url/
856 4# - Електронен адрес и достъп
Електронен формат pdf - файл
Път до файла /url/
942 ## - АРТИКУЛИ
Вид на библиотечния материал Книги
Скрит в OPAC Не
944 ## - СЪЗДАВАНЕ И РЕДАКЦИЯ на ЗАПИСА
Създаване/Редакция Създаване
Дата на регистрацията/редакция 15.10.2016
Служител, извършил регистрацията/редакцията Правда_Бадева
944 ## - СЪЗДАВАНЕ И РЕДАКЦИЯ на ЗАПИСА
Създаване/Редакция Редакция
Дата на регистрацията/редакция 15.10.2016
Служител, извършил регистрацията/редакцията Правда_Бадева
999 ## - СИСТЕМНИ КОНТРОЛНИ НОМЕРА
Koha biblionumber 184312
Koha biblioitemnumber 184312
Наличности
Код за отписване Код за изгубен артикул Източник на класификационната схема Код за повреда Коз за рестрикции Код за отдаване Артикулен № Име на библиотеката - собственик Име на библиотеката, в която се намира в момента Статус (Текущо местоположение) Дата на вписване в системата Местоположение - отдел Цена в лева Инвентарен номер Систематично азбучна сигнатура Баркод Номер на екземпляра Цена в евро Служебна бележка Служебен тип на артикула
  Не е изгубен Universal Decimal Classification Не е повреден само за читалня ползва се в читалня 318514 Регионална библиотека "Любен Каравелов" Русе Регионална библиотека "Любен Каравелов" Русе Хранилище 1973-01-01 Хранилище 0.10 135289 Цб І 13243 120000135289 1 0.05 N: стар фонд Дата: 01.01.1973 Книги
Изтеглен Не е изгубен Universal Decimal Classification Не е повреден без рестрикции заемане за дома 318515 Регионална библиотека "Любен Каравелов" Русе Регионална библиотека "Любен Каравелов" Русе Заемна - подръчен фонд 1973-01-01 Заемна - подръчен фонд 0.10 135186 П 615.83/Е 34 135186 2 0.05 N: стар фонд Дата: 01.01.1973 Книги
Изтеглен Не е изгубен Universal Decimal Classification Не е повреден без рестрикции заемане за дома 318516 Регионална библиотека "Любен Каравелов" Русе Регионална библиотека "Любен Каравелов" Русе Заемна - подръчен фонд 1973-01-01 Заемна - подръчен фонд 0.10 135187 П 615.83/Е 34 135187 3 0.05 N: стар фонд Дата: 01.01.1973 Книги
Vip Innovations Ltd, Rousse, Bulgaria 2025